Statistics for Types of things #7

Click here to take the quiz!

General Stats

  • This quiz has been taken 1,752 times
  • The average score is 8 of 16

Answer Stats

HintAnswer% Correct
Flag, telephone & northPole
79%
Cellar, trap & stageDoor
72%
Key, philosopher's & BlarneyStone
70%
Gravy, sail & fishingBoat
69%
Spy, shot & lookingGlass
61%
Table, mountain & spinningTop
58%
Blood, Mason-Dixie & clothesLine
53%
Hard, base and curveBall
52%
Clown, sword & catFish
52%
Third, cart & waterWheel
44%
Dor, field & brownMouse
36%
Pepper, pop & sweetCorn
32%
Hen, dog and countryHouse
27%
Street, flash & blackLight
27%
Cheese, fish & chocolateCake
23%
War, fish & ironMonger
20%

Score Distribution

Percentile by Number Answered

Percent of People with Each Score

Your Score History

You have not taken this quiz